A Letter to A.H. Esq.; Concerning the Stage (1698) and The Occasional Paper No. IX (1698) (Record no. 243302)
[ view plain ]
| 000 -LEADER | |
|---|---|
| fixed length control field | 01107cam a22002653a 4500 |
| 001 - CONTROL NUMBER | |
| control field | 14047 |
| 003 - CONTROL NUMBER IDENTIFIER | |
| control field | PGUSA |
| 005 - DATE AND TIME OF LATEST TRANSACTION | |
| control field | 20140828083312.0 |
| 008 - FIXED-LENGTH DATA ELEMENTS--GENERAL INFORMATION | |
| fixed length control field | 041115s2004||||xxu|||||s|||||000 d eng d |
| 040 ## - CATALOGING SOURCE | |
| Original cataloging agency | PGUSA |
| Language of cataloging | eng |
| 042 ## - AUTHENTICATION CODE | |
| Authentication code | dc |
| 050 #4 - LIBRARY OF CONGRESS CALL NUMBER | |
| Classification number | PN |
| 245 12 - TITLE STATEMENT | |
| Title | A Letter to A.H. Esq.; Concerning the Stage (1698) and The Occasional Paper No. IX (1698) |
| Medium | [electronic resource] |
| 260 ## - PUBLICATION, DISTRIBUTION, ETC. (IMPRINT) | |
| Name of publisher, distributor, etc | Project Gutenberg, |
| Date of publication, distribution, etc | 2004 |
| 505 0# - FORMATTED CONTENTS NOTE | |
| Formatted contents note | A Letter to A.H. [Anthony Hammond, pamphleteer, small poet, and politician] Esq, Concerning the Stage, by Anonymous [probably Charles Hopkins] -- -- The Occasional Paper: Number IX, Containing Some Considerations About the Danger of Going to Plays, attributed to Richard Willis. |
| 506 ## - RESTRICTIONS ON ACCESS NOTE | |
| Terms governing access | Public domain in the USA. |
| 516 ## - TYPE OF COMPUTER FILE OR DATA NOTE | |
| Type of computer file or data note | Electronic text |
| 653 ## - INDEX TERM--UNCONTROLLED | |
| Uncontrolled term | Theater -- Moral and ethical aspects -- Early works to 1800 |
| 700 1# - ADDED ENTRY--PERSONAL NAME | |
| Personal name | Swedenberg, H. T. |
| Fuller form of name | (Hugh Thomas), |
| Dates associated with a name | 1906-1978 |
| 700 1# - ADDED ENTRY--PERSONAL NAME | |
| Personal name | Willis, Richard, |
| Dates associated with a name | 1664-1734 |
| 700 1# - ADDED ENTRY--PERSONAL NAME | |
| Personal name | Hopkins, Charles |
| 830 #0 - SERIES ADDED ENTRY--UNIFORM TITLE | |
| Uniform title | Project Gutenberg |
| Volume number/sequential designation | 14047 |
| 856 40 - ELECTRONIC LOCATION AND ACCESS | |
| Uniform Resource Identifier | <a href="http://www.gutenberg.org/ebooks/14047">http://www.gutenberg.org/ebooks/14047</a> |
| 942 ## - ADDED ENTRY ELEMENTS (KOHA) | |
| Koha item type | eBooks |
| Withdrawn status | Lost status | Damaged status | Home library | Current library | Date acquired | Total Checkouts | Date last seen | Price effective from | Koha item type |
|---|---|---|---|---|---|---|---|---|---|
| Project Gutenberg | Project Gutenberg | 08/28/2014 | 08/28/2014 | 08/28/2014 | eBooks |